Building setting out and measurement. Part 1: methods of measuring, planning and organization and acceptance criteria. (Record no. 90888)

MARC details
000 -LEADER
fixed length control field 00634cam a2200205 4500
008 - FIXED-LENGTH DATA ELEMENTS--GENERAL INFORMATION
fixed length control field 090401t1990 xxu||||| |||| 00| 0 eng d
020 ## - INTERNATIONAL STANDARD BOOK NUMBER
International Standard Book Number 0580186989
035 ## - SYSTEM CONTROL NUMBER
System control number (Sirsi) u40789
041 ## - LANGUAGE CODE
Language code of text/sound track or separate title eng
110 ## - MAIN ENTRY--CORPORATE NAME
Corporate name or jurisdiction name as entry element British Standards Institution
9 (RLIN) 130
245 ## - TITLE STATEMENT
Title Building setting out and measurement. Part 1: methods of measuring, planning and organization and acceptance criteria.
260 ## - PUBLICATION, DISTRIBUTION, ETC.
Place of publication, distribution, etc. London
Name of publisher, distributor, etc. British Standards Institution
Date of publication, distribution, etc. 1990
300 ## - PHYSICAL DESCRIPTION
Extent iv, 21p. 30cm.
350 ## - PRICE (NR) (BK AM CF MU VM SE) [OBSOLETE]
Price 0
490 ## - SERIES STATEMENT
Series statement BS
Volume/sequential designation 5964: Part 1: 1990
490 ## - SERIES STATEMENT
Series statement ISO
Volume/sequential designation 4463-1: 1989
490 ## - SERIES STATEMENT
Series statement EN
Volume/sequential designation 60 662: 1989 E
942 ## - ADDED ENTRY ELEMENTS (KOHA)
Suppress in OPAC 0
948 ## - LOCAL PROCESSING INFORMATION (OCLC); SERIES PART DESIGNATOR (RLIN)
c (OCLC) 04/03/1997
Holdings
Withdrawn status Lost status Source of classification or shelving scheme Damaged status Not for loan Home library Current library Shelving location Date acquired Total Checkouts Full call number Barcode Date last seen Date last checked out Copy number Price effective from Koha item type
    Dewey Decimal Classification     London London Basement 06/03/1992 1 BASEMENT 30025834 06/08/2019 12/05/2000 1 06/08/2019 Book